logo

Bir Sreshtho Munshi Abdur Rouf Library
Jhenaidah Cadet College

মা'রেফাৎ তত্ত্ব / (Record no. 6278)

MARC details
000 -LEADER
fixed length control field 00615nam a2200217 a 4500
001 - CONTROL NUMBER
JCCL Control Number 6278
003 - CONTROL NUMBER IDENTIFIER
JCCL marc code BD-JhCC
005 - DATE AND TIME OF LATEST TRANSACTION
control field 20180123191422.0
008 - FIXED-LENGTH DATA ELEMENTS--GENERAL INFORMATION
fixed length control field 180118s1961 b |||| || | 000 0 eng d
035 ## - SYSTEM CONTROL NUMBER
system control number (BD-JhCC)6278
040 ## - CATALOGING SOURCE
Original cataloging agency BD-JhCC
Modifying agency BD-JhCC
041 ## - LANGUAGE CODE
Language code of Book eng
082 ## - DEWEY DECIMAL CLASSIFICATION NUMBER
Classification number 297
Author mark and Year RAH 1961
100 ## - MAIN ENTRY--PERSONAL NAME
Personal name রহমান,সুফী হাবিবুর
245 ## - TITLE STATEMENT
Title মা'রেফাৎ তত্ত্ব /
Statement of responsibility, etc সুফী হাবিবুর রহমান,
260 ## - PUBLICATION, DISTRIBUTION, ETC. (IMPRINT)
Place of publication, distribution, etc ভোলা :
Date of publication, distribution, etc 1961.
300 ## - PHYSICAL DESCRIPTION
Pagination 136 p. :
Dimensions 21 cm.
650 ## - SUBJECT ADDED ENTRY--TOPICAL TERM
Topical term or geographic name as entry element ইসলাম
942 ## - ADDED ENTRY ELEMENTS (KOHA)
Source of classification or shelving scheme Dewey Decimal Classification
Koha item type Books
Holdings
Source of classification or shelving scheme Damaged status Not for loan Home library Current library Shelving location Total Checkouts Full call number Barcode Date last seen Copy number Koha item type Cost, normal purchase price Date of accession
Dewey Decimal Classification     JCC Rouf Library JCC Rouf Library General Stacks   297 RAH 1961 621 01/18/2018 C-2 Books    
Dewey Decimal Classification     JCC Rouf Library JCC Rouf Library General Stacks   297 RAH 1961 683 01/18/2018 C-1 Books 5.00  
Dewey Decimal Classification     JCC Rouf Library JCC Rouf Library General Stacks   297 RAH 1961 626 01/22/2018 C-3 Books   01/22/2018

JCC Library | Contacts | JCC Home

Last Update on 23 September 2017
Copyright @ 2017-2020 JCC Rouf Library
Rouf Library, Jhenidah Cadet College (JCC), Bangladesh